00356nam a2200133Ia 45000010005000000080041000050200022000460820020000681000014000882450058001022600020001609010027001809990015002073042241024s9999 xx 000 0 und d a978-9945-13-111-6 aRD/861.44/M671h aPedro Mir 0aHay un país en el mundo y otros poemas de Pedro Mir bMediabytec2009 a23/7/2013 8:29:50 a.m. c7879d7879